<?xml version="1.0" encoding="UTF-8"?>
<collection xmlns="http://www.loc.gov/MARC21/slim">
    <record>
        <controlfield tag="001">78041</controlfield>
        <controlfield tag="005">20190228085141.0</controlfield>
        <datafield tag="024" ind1="8" ind2=" ">
            <subfield code="2">sideral</subfield>
            <subfield code="a">107415</subfield>
        </datafield>
        <datafield tag="037" ind1=" " ind2=" ">
            <subfield code="a">ART-2017-107415</subfield>
        </datafield>
        <datafield tag="041" ind1=" " ind2=" ">
            <subfield code="a">spa</subfield>
        </datafield>
        <datafield tag="100" ind1=" " ind2=" ">
            <subfield code="0">(orcid)0000-0003-4898-8794</subfield>
            <subfield code="a">Vázquez Obrador, Jesús</subfield>
            <subfield code="u">Universidad de Zaragoza</subfield>
        </datafield>
        <datafield tag="245" ind1=" " ind2=" ">
            <subfield code="a">Documentación tensina en pergaminos de 1374, 1396 y 1409, reutilizados como cubierta de protocolos. Edición y notas lingüísticas</subfield>
        </datafield>
        <datafield tag="260" ind1=" " ind2=" ">
            <subfield code="c">2017</subfield>
        </datafield>
        <datafield tag="506" ind1="0" ind2=" ">
            <subfield code="a">Access copy available to the general public</subfield>
            <subfield code="f">Unrestricted</subfield>
        </datafield>
        <datafield tag="520" ind1="3" ind2=" ">
            <subfield code="a">Se transcriben y editan en este artículo tres documentos de los años 1374, 1396 y 1409 redactados por el notario tensino Beltrán de Lanuza, que fueron reutilizados como cubiertas de tres protocolos distintos del notario Miguel Sánchez Mercader, conservados en el Archivo Histórico Provincial de Huesca. Desde el punto de vista lingüístico los textos presentados no aportan muchas novedades para un mejor conocimiento ni del aragonés medieval en general ni del tensino en particular. En realidad, la lengua manifestada en ellos contiene diferencias notables con respecto a lo que sería por entonces el registro oral, tanto en lo referido a la morfología como a la sintaxis e, incluso, al léxico. En todos esos planos, lamentablemente, lo escrito se aleja bastante de lo que sería propio del aragonés tensino y se puede enmarcar dentro de la scripta aragonesa usada por los escribanos de esa época (último cuarto del siglo XIV y principios del XV) en todo el reino de Aragón.</subfield>
        </datafield>
        <datafield tag="540" ind1=" " ind2=" ">
            <subfield code="9">info:eu-repo/semantics/openAccess</subfield>
            <subfield code="a">by-nc-nd</subfield>
            <subfield code="u">http://creativecommons.org/licenses/by-nc-nd/3.0/es/</subfield>
        </datafield>
        <datafield tag="655" ind1=" " ind2="4">
            <subfield code="a">info:eu-repo/semantics/article</subfield>
            <subfield code="v">info:eu-repo/semantics/publishedVersion</subfield>
        </datafield>
        <datafield tag="710" ind1="2" ind2=" ">
            <subfield code="1">3010</subfield>
            <subfield code="2">567</subfield>
            <subfield code="a">Universidad de Zaragoza</subfield>
            <subfield code="b">Dpto. Lingüíst. Gral. e Hisp.</subfield>
            <subfield code="c">Área Lengua Española</subfield>
        </datafield>
        <datafield tag="773" ind1=" " ind2=" ">
            <subfield code="g">73 (2017), 61-98</subfield>
            <subfield code="p">Arch. filol. aragon.</subfield>
            <subfield code="t">Archivo de filología aragonesa</subfield>
            <subfield code="x">0210-5624</subfield>
        </datafield>
        <datafield tag="856" ind1="4" ind2="1">
            <subfield code="u">https://ifc.dpz.es/recursos/publicaciones/36/72/03vazquezobrador.pdf</subfield>
            <subfield code="z">Texto completo de la revista</subfield>
        </datafield>
        <datafield tag="856" ind1="4" ind2=" ">
            <subfield code="s">1162745</subfield>
            <subfield code="u">http://zaguan.unizar.es/record/78041/files/texto_completo.pdf</subfield>
            <subfield code="y">Versión publicada</subfield>
        </datafield>
        <datafield tag="856" ind1="4" ind2=" ">
            <subfield code="s">46382</subfield>
            <subfield code="u">http://zaguan.unizar.es/record/78041/files/texto_completo.jpg?subformat=icon</subfield>
            <subfield code="x">icon</subfield>
            <subfield code="y">Versión publicada</subfield>
        </datafield>
        <datafield tag="909" ind1="C" ind2="O">
            <subfield code="o">oai:zaguan.unizar.es:78041</subfield>
            <subfield code="p">articulos</subfield>
            <subfield code="p">driver</subfield>
        </datafield>
        <datafield tag="951" ind1=" " ind2=" ">
            <subfield code="a">2019-02-28-08:31:39</subfield>
        </datafield>
        <datafield tag="980" ind1=" " ind2=" ">
            <subfield code="a">ARTICLE</subfield>
        </datafield>
    </record>

    
</collection>